Suomen urheilun suuren ansioristin haltijat - Statistics

Yleistilastot
  • Tätä visaa on pelattu 61 kertaa
  • Keskiarvotulos 4 / 9
Vastaustilastot
Vuodesta Haltija Vihje % Oikein
2016 Kalervo Kummola Suomalainen jääkiekkovaikuttaja, Jääkiekkoliiton puheenjohtaja 1997-2016
93%
2009 Siiri Rantanen "Äitee", maastohiihdon olympiavoittaja
89%
2010 Marja-Liisa Kirvesniemi Hiihdon kolminkertainen olympiavoittaja Sarajevosta 1984
79%
2010 Lasse Virén Yleisurheilun nelinkertainen olympiavoittaja
73%
2015 Pertti Karppinen Soudun kolminkertainen olympiavoittaja
71%
1994 Carl-Olaf Homén Entinen puolustusministeri, Suomen Olympiakomitean puheenjohtaja 1969-1973
11%
2022 Marie Lundmark Kansainvälisesti merkittävä taitoluisteluvaikuttaja
4%
2009 Veikko Puputti Jääratakelkkailun viisinkertainen paralympiavoittaja, paraurheilun edistäjä
4%
2003 Pirjo-Liisa Vilenius Suomen voimistelu- ja liikuntaseurat ry:n kunniapuheenjohtaja
2%
Ehtoja vastaavia visoja ei löytynyt
Tulosjakauma
Jokaisen tuloksen saaneiden osuus
Persentiili vastausten määrän mukaan
Tuloshistoriasi
Et ole pelannut tätä visaa